Best Players to Ever Wear a Warriors Jersey - Statistics

General Stats
  • This quiz has been taken 11 times
  • The average score is 8 of 20
Answer Stats
Hint Answer % Correct
1. Steph Curry
100%
2. Kevin Durant
91%
3. Wilt Chamberlain
91%
7. Draymond Green
82%
11. Klay Thompson
82%
8. Jimmy Butler
55%
6. Rick Barry
55%
14. Chris Mullin
45%
4. Chris Paul
36%
9. Chris Webber
36%
13. Tim Hardaway
36%
20. DeMarcus Cousins
27%
10. Nate Thurmond
27%
16. Al Horford
18%
15. Mitch Richmond
18%
12. Bernard King
9%
5. Robert Parish
9%
17. Jermaine O'Neal
0%
19. Jerry Lucas
0%
18. Mark Price
0%
No matching quizzes found
Score Distribution
Percent of People with Each Score
Percentile by Number Answered
Your Score History
You have not taken this quiz